| 000 | 00649nam a2200241Ia 4500 | ||
|---|---|---|---|
| 003 | OSt | ||
| 005 | 20220924122716.0 | ||
| 006 | a|||||r|||| 00| 0 | ||
| 007 | ta | ||
| 008 | 220923b |||||||| |||| 00| 0 urd d | ||
| 024 | _a323747 | ||
| 037 | _cTextual | ||
| 040 |
_aARTS _cARTS _burd |
||
| 041 |
_2urd _aurd |
||
| 082 | _aW:5, 168G8 | ||
| 100 |
_aLohya Ram Manohar Au. _9190431 |
||
| 245 | 0 | _aShehri aazadi | |
| 260 |
_aLucknow _bMaktaba jamia India _c1938 |
||
| 650 | _a POLITICAL SCIENCE | ||
| 650 |
_aCIVILIZATION _9131607 |
||
| 942 |
_hW:5, 168G8 _cTEXL _2CC |
||
| 999 |
_c412755 _d412755 |
||